[Event "FRA-chT Top 12 (Women) GpA"]
[Site "Bennwihr"]
[Date "2011.02.12"]
[Round "2.3"]
[White "Mirete, Rita"]
[Black "Bertrand, Helene"]
[Result "1/2-1/2"]
[WhiteElo "1550"]
[BlackElo "1896"]
[PlyCount "68"]
[EventDate "2011.02.11"]
[EventType "team-tourn"]
[EventRounds "5"]
[EventCountry "FRA"]
[SourceTitle "EXT 2012"]
[Source "ChessBase"]
[SourceDate "2011.11.24"]
[SourceVersion "1"]
[SourceVersionDate "2011.11.24"]
[SourceQuality "1"]
[WhiteTeam "Bennwihr (W)"]
[BlackTeam "Bischwiller (W)"]
[WhiteTeamCountry "FRA"]
[BlackTeamCountry "FRA"]

1. e4 c5 2. Nc3 Nc6 3. g3 g6 4. Bg2 Bg7 5. d3 d6 6. Be3 e6 7. Nge2 Nge7 8. Qd2 Nd4 9. 0-0 0-0 10. Nf4 Nec6 11. Rab1 Qa5 12. Rfd1 Bd7 13. a3 Rfc8 14. Nce2 Qa4 15. c3 Nxe2+ 16. Nxe2 b5 17. d4 c4 18. d5 Ne5 19. dxe6 Bxe6 20. Qxd6 Nd3 21. Bg5 Be5 22. Qe7 Rc7 23. Qxc7 Bxc7 24. e5 Rb8 25. Nd4 Nxe5 26. Bf4 Rd8 27. Re1 Bb6 28. Bxe5 Bxd4 29. Bxd4 Qa6 30. Re5 Rd7 31. Rbe1 Qd6 32. Bh3 Rd8 33. Bxe6 fxe6 34. Rxe6 Qf8 1/2-1/2

[Event "FRA-ch U14 Girls"]
[Site "Troyes"]
[Date "2010.04.12"]
[Round "2"]
[White "Nolot, Clementine"]
[Black "Mirete, Rita"]
[Result "1-0"]
[WhiteElo "1672"]
[BlackElo "1480"]
[PlyCount "129"]
[EventDate "2010.04.11"]
[EventType "swiss"]
[EventRounds "9"]
[EventCountry "FRA"]
[SourceTitle "EXT 2012"]
[Source "ChessBase"]
[SourceDate "2011.11.24"]
[SourceVersion "1"]
[SourceVersionDate "2011.11.24"]
[SourceQuality "1"]

1. e4 e5 2. Nf3 Nc6 3. Bc4 Nf6 4. d3 Bc5 5. c3 0-0 6. Bb3 d5 7. Nbd2 dxe4 8. dxe4 b6 9. 0-0 Bb7 10. h3 h6 11. Re1 Qd6 12. Qe2 a5 13. Nf1 Ba6 14. Bc4 Bxc4 15. Qxc4 Rfd8 16. Be3 Bxe3 17. Nxe3 Qe6 18. Qxe6 fxe6 19. Nc4 Nd7 20. Rad1 b5 21. Na3 Rab8 22. c4 bxc4 23. Nxc4 Kf7 24. Rd2 Ke7 25. Red1 Ra8 26. Nh4 Ke8 27. Ng6 Rac8 28. f4 exf4 29. Nxf4 Ke7 30. Ng6+ Kf6 31. Rxd7 Rxd7 32. Rxd7 Kxg6 33. Na3 Ne5 34. Rd2 Kg5 35. Rc2 c6 36. g3 Nd7 37. Nc4 a4 38. Nd6 Rb8 39. Rf2 Ne5 40. Kg2 g6 41. Rd2 Rd8 42. Nc4 Rxd2+ 43. Nxd2 Nd3 44. b3 Nc1 45. bxa4 Nxa2 46. a5 Nb4 47. Nb3 Na6 48. Nd4 c5 49. Nxe6+ Kf6 50. Nf4 Ke5 51. Kf3 Kd6 52. Nd5 Ke5 53. Ke3 Kd6 54. Kd3 Kc6 55. Kc4 Kd6 56. Kb5 Nb8 57. Nc3 Nd7 58. a6 Kc7 59. Nd5+ Kb8 60. Kc6 Ne5+ 61. Kxc5 Ka7 62. Nb4 Nd7+ 63. Kd6 Nf6 64. e5 Ne4+ 65. Kd7 1-0

[Event "FRA-ch U12 Girls"]
[Site "La Roche sur Yon"]
[Date "2008.04.21"]
[Round "3"]
[White "Pouillart, Cecile"]
[Black "Mirete, Rita"]
[Result "1-0"]
[WhiteElo "1640"]
[BlackElo "1430"]
[PlyCount "49"]
[EventDate "2008.04.21"]
[EventType "swiss"]
[EventRounds "9"]
[EventCountry "FRA"]
[SourceTitle "EXT 2010"]
[Source "ChessBase"]
[SourceDate "2010.11.25"]
[SourceVersion "1"]
[SourceVersionDate "2010.11.25"]
[SourceQuality "1"]

1. e4 e5 2. Nf3 Nc6 3. Bc4 Bc5 4. 0-0 Nf6 5. d4 exd4 6. e5 Ne4 7. Re1 d5 8. exd6 Bf5 9. dxc7 Qxc7 10. Ng5 Qe7 11. Bxf7+ Kd7 12. Nxe4 Bxe4 13. Qg4+ Kc7 14. Bd5 Rhf8 15. Rxe4 Qf6 16. Bf4+ Kb6 17. Bxc6 bxc6 18. a4 a5 19. Na3 Qf7 20. Qg3 Qd5 21. Rae1 Bb4 22. R1e2 c5 23. Re6+ Kb7 24. Qxg7+ Kc8 25. Qc7# 1-0